Statistiques concernant Feat rap fr

Cliquez ici pour prendre le quiz!

Statistiques générales

  • Ce quiz a été pris 204 fois
  • Le résultat moyen est 5 sur 18

Statistiques - réponses

SONSONSONFEAT% Correct
Air maxMa 6t a craquéMacaroniNinho
96%
Rêves bizarresRencontreGod blessDamso
71%
DybalaJusqu’à minuitPuta madreJul
68%
Jamais10Train de viePLK
63%
Woin woinDans la citéN3RK
61%
38 spécialCrystal lakeEurovisionFreeze corleone
33%
Célébration 2D’Evry à Saint Ouen l’aumônePalpatineAlkpote
24%
AndaleLovéSuper hérosGradur
24%
Dernière ligne droiteElle aimeStarsLaylow
23%
MacabreJamais revenueCaillerJosman
21%
Sur le bancC’est la rueRoroSDM
13%
Le cercleScenarioDDDHornet la frappe
11%
OutilsDésertZodiaqueDA Uzi
10%
X-menFrançois PignonIl suffitJeanjass
8%
San diegoPaco raybanSaluteLacrim
7%
Panam Hall Starz40 lignes, 40 ballesNo timeSinik
4%
Panam Hall starzPrototype1 pour la basseZoxea
2%
ImbattableFace aux passionsTéléphone arabeKeny arkana
1%

Distribution des résultats

Percentile par nombre de réponses

% des personnes avec chaque résultat

Votre développement - résultats

Vous n’avez pas pris ce quiz